Journal of Inter-American Studies : April, 1968 /

Revista dedicada a temas latinoamericanos tanto históricos como de actualidad.

Gespeichert in:
Bibliographische Detailangaben
Format: Buch
Sprache:Englisch
Veröffentlicht: Miami, EUA : University of Miami, 1968, c1968
Schlagworte:
Tags: Tag hinzufügen
Keine Tags, Fügen Sie das erste Tag hinzu!

MARC

LEADER 00000nam^a2200000^a^4500
001 000134602
005 20250521000000.0
009 20260310095214.851
037 |a Acervo ITESO - Biblioteca 
041 |a ING 
082 |a 980. 005  |b JOU V. 10 T. 2 
240 1 1 |a [Journal of Inter-American Studies] 
245 0 0 |a Journal of Inter-American Studies :  |b April, 1968 / 
264 4 |a Miami, EUA :  |b University of Miami,  |c 1968, c1968 
300 |a p. 173-343 
336 |a texto  |b txt  |2 rdacontenido 
337 |a sin mediación  |b n  |2 rdamedio 
338 |a volumen  |b nc  |2 rdasoporte 
520 |a Revista dedicada a temas latinoamericanos tanto históricos como de actualidad. 
546 |a Edición bilingüe español-inglés 
610 |a OEA 
649 |a XX 
650 |a América -  |x Historia -  |x Publicaciones Periódicas Norteamericanas 
650 |a Ingeniería Aeroespacial -  |z Latinoamérica 
650 |a Política Internacional 
650 |a Política -  |z Latinoamérica -  |x Historia 
650 |a Derecho -  |z Latinoamérica -  |x Historia 
650 |a América -  |x Historia -  |y Epoca Colonial 
650 |a Indígenas -  |x Condiciones Jurídicas 
650 |a Indígenas -  |x Historia 
650 |a Constitucionalismo -  |z Latinoamérica -  |x Historia 
650 |a Literatura Cubana -  |x Historia y Crítica 
650 |a Novás Calvo, Lino 
650 |a Comunismo -  |z Latinoamérica 
650 |a Comunismo -  |z Chile 
650 |a Elecciones -  |z Chile 
650 |a Partidos Políticos -  |z Chile 
650 |a Política -  |z Chile -  |x Historia -  |y 1964-1970 
650 |a Chile -  |x Historia -  |y 1964-1970 
650 |a Haití -  |x Historia 
910 |a Fondo Salvador Reynoso Reynoso 
920 |a Impresos - Libros 
930 |a Fondos Especiales 
905 |a 112 
901 |a 0800012861  |b IT2  |c ESP  |u 20250521 
902 |a https://opac.biblio.iteso.mx/vufind/Record/000134602